000 00787na a2200265 4500
001 19326
003 MIRAKIL
005 20181213155103.0
008 161213b tu 000 0
020 _a9789750506543
040 _aMilas
_btur
_cTR-AnCHP
041 _atur
082 _a372
_bD31 2006
090 _a372 D31 2006
100 _aDebarbieux, Eric
245 _aOkulda şiddet : küresel bir tehdit
_b= Violence a l'ecole
_cEric Debarbieux ; çeviren: İsmail Yerguz
260 _aİstanbul
_bİletişim Yayınları
_c2006
300 _a334 s.
_c20 sm.
490 _aİletişim Yayınları
_v1371
500 _aKaynakça var.
650 _aİlköğretim
_zTürkiye
650 _aEğitim ve öğretim
_xŞiddet
_zTürkiye
700 _aYerguz, İsmail
942 _2dcc
_cBKS
999 _c6297
_d6297